[Event "XtraCon-Skakligaen"]
[Site "Denmark"]
[Date "2014.01.12"]
[Round "5.8"]
[White "Ejsing, Esben"]
[Black "Holmsgaard, Henrik"]
[Result "1/2-1/2"]
[WhiteElo "2153"]
[BlackElo "2297"]
[PlyCount "47"]
[EventDate "2013.11.02"]
[EventType "team-tourn"]
[EventRounds "9"]
[WhiteTeam "Nordkalotten"]
[BlackTeam "Bronshoj"]
[WhiteTeamCountry "DEN"]
[BlackTeamCountry "DEN"]

1. e4 c5 2. d3 Nc6 3. g3 g6 4. Bg2 Bg7 5. f4 d6 6. Nf3 e6 7. O-O Nge7 8. c3 O-O
9. Be3 b6 10. Na3 Bb7 11. Bf2 Qd7 12. d4 cxd4 13. cxd4 Rfc8 14. Qd2 Na5 15.
Rfe1 Nc4 16. Nxc4 Rxc4 17. Bf1 Rc7 18. Bd3 Qa4 19. Rac1 Rac8 20. Rxc7 Rxc7 21.
Rc1 Rxc1+ 22. Qxc1 Qc6 23. Qd1 Qc8 24. Qc2 1/2-1/2

[Event "XtraCon-Skakligaen"]
[Site "Denmark"]
[Date "2014.01.12"]
[Round "5.1"]
[White "Skytte, Rasmus"]
[Black "Schandorff, Lars"]
[Result "1/2-1/2"]
[WhiteElo "2423"]
[BlackElo "2522"]
[PlyCount "67"]
[EventDate "2013.11.02"]
[EventType "team-tourn"]
[EventRounds "9"]
[WhiteTeam "Aarhus/Skolerne"]
[BlackTeam "Hillerod"]
[WhiteTeamCountry "DEN"]
[BlackTeamCountry "DEN"]

1. d4 d5 2. c4 c6 3. Nf3 Nf6 4. Nc3 e6 5. Bg5 dxc4 6. e4 b5 7. e5 h6 8. Bh4 g5
9. exf6 gxh4 10. Ne5 Qxf6 11. Be2 Be7 12. Bf3 O-O 13. O-O a6 14. a4 b4 15. Ne4
Qg7 16. a5 Ra7 17. Qe2 Rb7 18. Qxc4 Rb5 19. Rfe1 f6 20. Nxc6 Nxc6 21. Qxc6 Kh8
22. Rac1 Rg8 23. Kf1 Rxa5 24. Nd6 Bxd6 25. Qxd6 Rg5 26. Rc7 Qf8 27. Qf4 e5 28.
Qxh4 Bf5 29. dxe5 fxe5 30. Be4 Bxe4 31. Qxe4 Qf5 32. g3 Rf8 33. Qxf5 Rgxf5 34.
Re2 1/2-1/2

[Event "XtraCon-Skakligaen"]
[Site "Denmark"]
[Date "2014.01.12"]
[Round "5.2"]
[White "Borge, Nikolaj"]
[Black "Sorensen, Jan"]
[Result "1/2-1/2"]
[WhiteElo "2389"]
[BlackElo "2422"]
[PlyCount "93"]
[EventDate "2013.11.02"]
[EventType "team-tourn"]
[EventRounds "9"]
[WhiteTeam "Hillerod"]
[BlackTeam "Aarhus/Skolerne"]
[WhiteTeamCountry "DEN"]
[BlackTeamCountry "DEN"]

1. e4 e6 2. d4 d5 3. exd5 exd5 4. Nf3 Bd6 5. c4 Nf6 6. Nc3 O-O 7. Be2 dxc4 8.
O-O Nc6 9. Bxc4 h6 10. Re1 Bg4 11. Be3 Qd7 12. h3 Bh5 13. Bf1 Rfe8 14. g3 Rad8
15. Bg2 Qc8 16. g4 Bg6 17. Qb3 Re7 18. Ne5 Nxe5 19. dxe5 Rxe5 20. Bxb7 Qd7 21.
Bf3 Rde8 22. Qa4 Qe7 23. Kg2 h5 24. Bd2 hxg4 25. hxg4 Qe6 26. Qd4 Ne4 27. Nxe4
Bxe4 28. Rxe4 Rxe4 29. Bxe4 Qxe4+ 30. Qxe4 Rxe4 31. Kf3 Ra4 32. b3 Ra3 33. Ke4
Kf8 34. Bc3 g6 35. Bb2 Ra5 36. f3 f5+ 37. gxf5 gxf5+ 38. Kd3 Kf7 39. Bd4 Ke6
40. Kc4 f4 41. a4 a6 42. b4 Rh5 43. Re1+ Kd7 44. Rd1 Kc6 45. Rd3 Rh1 46. b5+
axb5+ 47. axb5+ 1/2-1/2

[Event "XtraCon-Skakligaen"]
[Site "Denmark"]
[Date "2014.01.12"]
[Round "5.3"]
[White "Rasmussen, Karsten"]
[Black "Ostergaard, Jens"]
[Result "1-0"]
[WhiteElo "2419"]
[BlackElo "2273"]
[PlyCount "47"]
[EventDate "2013.11.02"]
[EventType "team-tourn"]
[EventRounds "9"]
[WhiteTeam "Aarhus/Skolerne"]
[BlackTeam "Hillerod"]
[WhiteTeamCountry "DEN"]
[BlackTeamCountry "DEN"]

1. c4 e6 2. e4 c5 3. Nf3 Nc6 4. Nc3 Nf6 5. Be2 d5 6. exd5 exd5 7. d4 cxd4 8.
Nxd4 Nxd4 9. Qxd4 dxc4 10. Qxd8+ Kxd8 11. Bxc4 Bb4 12. Bxf7 Rf8 13. Bb3 Re8+
14. Be3 Be6 15. Ba4 Bd7 16. O-O-O Bxc3 17. bxc3 Re4 18. Bc2 Rc4 19. Kb2 Kc7 20.
Bd4 Re8 21. Rhe1 Rc6 22. Rxe8 Bxe8 23. Re1 Kd7 24. Ba4 1-0

[Event "XtraCon-Skakligaen"]
[Site "Denmark"]
[Date "2014.01.12"]
[Round "5.4"]
[White "Jaksland, Tim"]
[Black "Christensen, Tobias"]
[Result "0-1"]
[WhiteElo "2260"]
[BlackElo "2355"]
[PlyCount "78"]
[EventDate "2013.11.02"]
[EventType "team-tourn"]
[EventRounds "9"]
[WhiteTeam "Hillerod"]
[BlackTeam "Aarhus/Skolerne"]
[WhiteTeamCountry "DEN"]
[BlackTeamCountry "DEN"]

1. Nf3 c5 2. b3 Nf6 3. Bb2 Nc6 4. c4 d5 5. cxd5 Nxd5 6. g3 f6 7. Bg2 e5 8. O-O
Be7 9. d3 Be6 10. Nbd2 O-O 11. Nc4 Qd7 12. Ne1 Rac8 13. e4 $11 Ndb4 14. a3 Na6
15. f4 b5 16. Ne3 exf4 17. gxf4 Nd4 18. Nd5 Bxd5 19. exd5 Nc7 20. Bxd4 cxd4 21.
b4 Nxd5 22. Qb3 Rfd8 23. Nc2 Rc3 24. Qa2 Kh8 25. Rae1 Bf8 26. Nxd4 Nxb4 27.
axb4 Qxd4+ 28. Kh1 Rxd3 29. Qf7 Qd7 30. Qxd7 R3xd7 31. Bc6 Rd4 32. Bxb5 Bxb4
33. Re2 g6 34. f5 R8d5 35. Ba6 Kg7 36. Rc2 Bd6 37. Rb1 Rxf5 38. Rb7+ Kh6 39.
Rxa7 Bc5 0-1

[Event "XtraCon-Skakligaen"]
[Site "Denmark"]
[Date "2014.01.12"]
[Round "5.5"]
[White "Pedersen, Finn"]
[Black "Nordenbaek, Jan"]
[Result "1/2-1/2"]
[WhiteElo "2310"]
[BlackElo "2261"]
[PlyCount "24"]
[EventDate "2013.11.02"]
[EventType "team-tourn"]
[EventRounds "9"]
[WhiteTeam "Aarhus/Skolerne"]
[BlackTeam "Hillerod"]
[WhiteTeamCountry "DEN"]
[BlackTeamCountry "DEN"]

1. c4 Nf6 2. Nc3 g6 3. g3 Bg7 4. Bg2 O-O 5. e3 d6 6. Nge2 e5 7. O-O Nc6 8. d3
Be6 9. Nd5 Qd7 10. Nec3 Ne8 11. Re1 Nd8 12. Ne2 c6 1/2-1/2

[Event "XtraCon-Skakligaen"]
[Site "Denmark"]
[Date "2014.01.12"]
[Round "5.6"]
[White "Percivaldi, Martin"]
[Black "Rendboe, John Filip"]
[Result "1/2-1/2"]
[WhiteElo "2191"]
[BlackElo "2214"]
[PlyCount "49"]
[EventDate "2013.11.02"]
[EventType "team-tourn"]
[EventRounds "9"]
[WhiteTeam "Hillerod"]
[BlackTeam "Aarhus/Skolerne"]
[WhiteTeamCountry "DEN"]
[BlackTeamCountry "DEN"]

1. d4 d5 2. c4 c6 3. Nf3 Nf6 4. e3 e6 5. b3 Nbd7 6. Bd3 Bd6 7. Bb2 O-O 8. O-O
b6 9. Nbd2 Bb7 10. Ne5 Qe7 11. Qf3 c5 12. Qh3 h6 13. Rad1 Rad8 14. f4 Ne4 15.
Nxe4 dxe4 16. Bb1 a5 17. Nxd7 Rxd7 18. f5 exf5 19. d5 Rdd8 20. Qxf5 Rde8 21.
Qg4 Qg5 22. Qd7 Qe7 23. Qg4 Qg5 24. Qd7 Qe7 25. Qg4 1/2-1/2

[Event "XtraCon-Skakligaen"]
[Site "Denmark"]
[Date "2014.01.12"]
[Round "5.7"]
[White "Hagen, Kresten Skytte"]
[Black "Pedersen, Martin Rosenkilde"]
[Result "1/2-1/2"]
[WhiteElo "2166"]
[BlackElo "2176"]
[PlyCount "82"]
[EventDate "2013.11.02"]
[EventType "team-tourn"]
[EventRounds "9"]
[WhiteTeam "Aarhus/Skolerne"]
[BlackTeam "Hillerod"]
[WhiteTeamCountry "DEN"]
[BlackTeamCountry "DEN"]

1. Nf3 f5 2. c4 Nf6 3. g3 g6 4. Bg2 Bg7 5. O-O O-O 6. d4 d6 7. Nc3 Qe8 8. d5 a5
9. Be3 Na6 10. Qd2 Bd7 11. Nd4 c6 12. Rfd1 Nc5 13. Bh6 Rc8 14. Bxg7 Kxg7 15. b3
Qf7 16. Rac1 Rfd8 17. Qb2 Qe8 18. a3 Ra8 19. Rc2 Kg8 20. Rcd2 Ra6 21. Qc2 Raa8
22. e4 Ncxe4 23. Nxe4 fxe4 24. Bxe4 cxd5 25. Bxd5+ Nxd5 26. cxd5 Qf7 27. Qe4
Rac8 28. Re1 Rc5 29. Ne6 Bxe6 30. dxe6 Qf6 31. Qxb7 Rdc8 32. Rde2 Rc1 33. Rxc1
Rxc1+ 34. Kg2 Rc3 35. b4 Rxa3 36. b5 Rb3 37. b6 Kg7 38. f4 Rb2 39. Rxb2 Qxb2+
40. Kf3 Qb3+ 41. Kf2 Qc2+ 1/2-1/2

[Event "XtraCon-Skakligaen"]
[Site "Denmark"]
[Date "2014.01.12"]
[Round "5.8"]
[White "Andersen, Ib Hother"]
[Black "Jensen, Jacob Bjerre"]
[Result "1/2-1/2"]
[WhiteElo "2119"]
[BlackElo "2156"]
[PlyCount "29"]
[EventDate "2013.11.02"]
[EventType "team-tourn"]
[EventRounds "9"]
[WhiteTeam "Hillerod"]
[BlackTeam "Aarhus/Skolerne"]
[WhiteTeamCountry "DEN"]
[BlackTeamCountry "DEN"]

1. e4 e6 2. d4 d5 3. exd5 exd5 4. Nf3 c5 5. Bb5+ Nc6 6. O-O Bd6 7. dxc5 Bxc5 8.
Nc3 Nge7 9. Bg5 O-O 10. Qd2 f6 11. Bf4 Be6 12. Rfe1 Bf7 13. a3 a6 14. Bd3 Rc8
15. h3 $11 1/2-1/2

[Event "XtraCon-Skakligaen"]
[Site "Denmark"]
[Date "2014.01.12"]
[Round "5.1"]
[White "Kolbak, Jens"]
[Black "Teplyi, Igor"]
[Result "0-1"]
[WhiteElo "2271"]
[BlackElo "2393"]
[PlyCount "110"]
[EventDate "2013.11.02"]
[EventType "team-tourn"]
[EventRounds "9"]
[WhiteTeam "Norresundby"]
[BlackTeam "Nordre"]
[WhiteTeamCountry "DEN"]
[BlackTeamCountry "DEN"]

1. e4 c5 2. Nf3 d6 3. Bb5+ Nd7 4. O-O a6 5. Bxd7+ Bxd7 6. Re1 e5 7. c3 c4 8. d3
cxd3 9. Qxd3 Qc7 10. c4 Rc8 11. Na3 h6 12. Bd2 Nf6 13. Rac1 Be7 14. Nh4 g6 15.
g3 Kf8 16. Ng2 Kg7 17. Ne3 Qb8 18. Nac2 b5 19. Nb4 Qb7 20. Nbd5 Nxd5 21. cxd5
Qb6 22. Kg2 Rhf8 23. Nc2 f5 24. Be3 Qb7 25. f3 g5 26. Nb4 fxe4 27. fxe4 a5 28.
Nc6 Bxc6 29. dxc6 Rxc6 30. Rxc6 Qxc6 31. Rc1 Qb7 32. Qd5 Qxd5 33. exd5 g4 34.
Rc7 Rf7 35. Ra7 Bg5 36. Rxf7+ Kxf7 37. Bb6 a4 38. Kf2 Kg6 39. Bc7 Kf5 40. Bxd6
Ke4 41. Ke2 Kxd5 42. Bf8 Ke4 43. Bc5 h5 44. b3 axb3 45. axb3 Bc1 46. Bb6 Bb2
47. Be3 Bd4 48. Bg5 Bg1 49. Bf6 Kf5 50. Bg7 Bxh2 51. Kf2 h4 52. gxh4 Bf4 53. h5
Kg5 54. h6 Kg6 55. Kg2 e4 0-1

[Event "XtraCon-Skakligaen"]
[Site "Denmark"]
[Date "2014.01.12"]
[Round "5.2"]
[White "Sloth, Jorn"]
[Black "Sorensen, Bent"]
[Result "1/2-1/2"]
[WhiteElo "2338"]
[BlackElo "2247"]
[PlyCount "86"]
[EventDate "2013.11.02"]
[EventType "team-tourn"]
[EventRounds "9"]
[WhiteTeam "Nordre"]
[BlackTeam "Norresundby"]
[WhiteTeamCountry "DEN"]
[BlackTeamCountry "DEN"]

1. d4 d5 2. c4 e6 3. Nc3 c6 4. e3 Nf6 5. Nf3 Nbd7 6. b3 b6 7. Bb2 Bb7 8. Bd3
Be7 9. O-O O-O 10. Qe2 Re8 11. e4 dxe4 12. Nxe4 c5 13. Rad1 Bxe4 14. Bxe4 Nxe4
15. Qxe4 Qc7 16. dxc5 Nxc5 17. Qg4 Bf8 18. Nd4 Rad8 19. Nb5 Qe7 20. Be5 Nd3 21.
Bc7 Rd7 22. Qg3 Nb2 23. Bd6 Qd8 24. Rd2 a6 25. Bxf8 Rxf8 26. Rxb2 axb5 27. cxb5
Rd2 28. Rxd2 Qxd2 29. a4 Rc8 30. h3 h6 31. Qf3 Rc3 32. Qa8+ Kh7 33. Qb7 Rc1 34.
g3 Rxf1+ 35. Kxf1 Qd3+ 36. Kg2 Qxb3 37. Qxb6 Qxa4 38. Qb7 f5 39. b6 Qb5 40. Qc7
Qd5+ 41. Kh2 Qd4 42. Kg1 Qd1+ 43. Kg2 Qd5+ 1/2-1/2

[Event "XtraCon-Skakligaen"]
[Site "Denmark"]
[Date "2014.01.12"]
[Round "5.3"]
[White "Andreasen, Per Naesby"]
[Black "Baekgaard, Martin"]
[Result "1/2-1/2"]
[WhiteElo "2232"]
[BlackElo "2301"]
[PlyCount "32"]
[EventDate "2013.11.02"]
[EventType "team-tourn"]
[EventRounds "9"]
[WhiteTeam "Norresundby"]
[BlackTeam "Nordre"]
[WhiteTeamCountry "DEN"]
[BlackTeamCountry "DEN"]

1. c4 e6 2. Nf3 d5 3. d4 Nf6 4. g3 dxc4 5. Qa4+ Nbd7 6. Bg2 a6 7. Qxc4 b5 8.
Qb3 Bb7 9. a4 b4 10. O-O c5 11. dxc5 Bxc5 12. Be3 Bd5 13. Qd3 Qb6 14. a5 Qa7
15. Bxc5 Nxc5 16. Qe3 Nb3 1/2-1/2

[Event "XtraCon-Skakligaen"]
[Site "Denmark"]
[Date "2014.01.12"]
[Round "5.4"]
[White "Petersen, Tom Petri"]
[Black "Jorgensen, Jorgen"]
[Result "1-0"]
[WhiteElo "2323"]
[BlackElo "2257"]
[PlyCount "181"]
[EventDate "2013.11.02"]
[EventType "team-tourn"]
[EventRounds "9"]
[WhiteTeam "Nordre"]
[BlackTeam "Norresundby"]
[WhiteTeamCountry "DEN"]
[BlackTeamCountry "DEN"]

1. c4 f5 2. Nc3 Nf6 3. g3 g6 4. Bg2 Bg7 5. d3 d6 6. e3 O-O 7. Nge2 e5 8. O-O c6
9. b3 Na6 10. a4 g5 11. f4 gxf4 12. gxf4 e4 13. Ba3 Ng4 14. Qd2 Nc5 15. Bxc5
dxc5 16. Rad1 exd3 17. Qxd3 Qb6 18. h3 Nf6 19. Qc2 Be6 20. Ng3 Rae8 21. Kh2 Bc8
22. Rf3 Qa5 $11 23. Nce2 Qb6 24. Nc1 Ne4 25. Rg1 Kh8 26. Nxe4 Rxe4 27. Ne2 Re7
28. Ng3 Rf6 29. Bf1 Qd8 30. Nh5 Rg6 31. Rfg3 Rd7 32. Qg2 Rdd6 33. Nxg7 Kxg7 34.
Qb2+ Qf6 35. Qc2 Qd8 36. R1g2 Kf8 37. Be2 Qh4 38. Qc3 Qf6 39. Qa5 Qd8 40. Qxc5
Rxg3 41. Rxg3 b6 42. Qb4 c5 43. Qc3 Qf6 44. Qxf6+ Rxf6 45. Bf3 Rd6 46. Bd5 Be6
47. Bxe6 Rxe6 48. Kg2 Rd6 49. Rg5 Rd3 50. Kf3 Rxb3 51. Rxf5+ Kg7 52. Rd5 a5 53.
Rd6 Rb4 54. f5 Rxa4 55. Rxb6 Rxc4 56. Ra6 a4 57. e4 Rb4 58. Kf4 c4 59. Ra7+ Kh6
60. f6 c3 61. Rg7 c2 62. Rg1 Rb7 63. e5 Rc7 64. e6 Rc4+ 65. Kf3 Rc3+ 66. Kf2
c1=Q 67. Rxc1 Rxc1 68. e7 Rc6 69. f7 Rf6+ 70. Kg3 Rxf7 71. e8=Q Rf6 72. Qxa4
Rg6+ 73. Kf4 Rf6+ 74. Ke5 Rg6 75. Qa7 Rg5+ 76. Kf4 Rg6 77. h4 Rf6+ 78. Ke5 Rg6
79. Kf5 Rg3 80. Qb6+ Rg6 81. Qc7 Rg7 82. Qd6+ Kh5 83. Qd1+ Kh6 84. Qd6+ Kh5 85.
Qf6 Rg6 86. Qf7 Kh6 87. Qf8+ Kh5 88. Qh8 Kh6 89. Kf4 Rg1 90. Qf8+ Kh5 91. Qc5+
1-0

[Event "XtraCon-Skakligaen"]
[Site "Denmark"]
[Date "2014.01.12"]
[Round "5.5"]
[White "Nielsen, John Bauneborg"]
[Black "Veng, Johnny"]
[Result "1/2-1/2"]
[WhiteElo "2128"]
[BlackElo "2232"]
[PlyCount "105"]
[EventDate "2013.11.02"]
[EventType "team-tourn"]
[EventRounds "9"]
[WhiteTeam "Norresundby"]
[BlackTeam "Nordre"]
[WhiteTeamCountry "DEN"]
[BlackTeamCountry "DEN"]

1. d4 Nf6 2. c4 g6 3. Nc3 Bg7 4. g3 d5 5. cxd5 Nxd5 6. Bg2 Nxc3 7. bxc3 c5 8.
Nf3 Qa5 9. Bd2 O-O 10. O-O Rd8 11. e4 Bg4 12. e5 Nc6 13. h3 Bxf3 14. Bxf3 cxd4
15. cxd4 Qa3 16. Bxc6 bxc6 17. Bf4 Qb4 18. Rb1 Qc4 19. Rb7 Rxd4 20. Qb1 h6 21.
Be3 Re4 22. Rxe7 Rxe5 23. Rxe5 Bxe5 24. Qb7 Rb8 25. Qxa7 Rb2 26. Qe7 Qd5 27.
Bxh6 Rxa2 28. Qf8+ Kh7 29. Be3 Bg7 30. Qc8 Ra1 31. Rxa1 Bxa1 32. Qa6 Bg7 33.
Qb7 Bf6 34. Qb6 Kg7 35. Qb4 Qe6 36. Kh2 Qd5 37. Qb6 Be5 38. Qb4 Bf6 39. Qb6 Qf3
40. Qc5 Qe4 41. Qc1 Qd5 42. Bh6+ Kh7 43. Be3 Be7 44. Qc3 c5 45. Qa5 Qc6 46. Qa7
Qd6 47. Qa4 Qe6 48. Qe8 Kg7 49. Bh6+ Kh7 50. Be3 Kg7 51. Bh6+ Kh7 52. Be3 Kg7
53. Bh6+ 1/2-1/2

[Event "XtraCon-Skakligaen"]
[Site "Denmark"]
[Date "2014.01.12"]
[Round "5.6"]
[White "Hoiberg, Nina"]
[Black "Pedersen, Svend"]
[Result "0-1"]
[WhiteElo "2212"]
[BlackElo "2231"]
[PlyCount "108"]
[EventDate "2013.11.02"]
[EventType "team-tourn"]
[EventRounds "9"]
[WhiteTeam "Nordre"]
[BlackTeam "Norresundby"]
[WhiteTeamCountry "DEN"]
[BlackTeamCountry "DEN"]

1. e4 d6 2. d4 Nf6 3. Nc3 g6 4. Be3 c6 5. h3 Nbd7 6. Nf3 e5 7. Qd2 Bg7 8. O-O-O
Qe7 9. Kb1 O-O 10. dxe5 dxe5 11. Nh2 Nc5 12. f3 Ne6 13. Ng4 Nh5 14. Bd3 Kh8 15.
Ne2 a5 16. g3 f5 17. exf5 gxf5 18. Bh6 f4 19. Bxg7+ Qxg7 20. gxf4 exf4 21. Rhg1
a4 22. Nf2 Qe5 $11 23. Qc3 Qxc3 24. Nxc3 Ng3 25. Ne2 Nxe2 26. Bxe2 Ra5 27. Ne4
Re5 28. a3 Nc5 29. Bd3 Nxe4 30. Bxe4 Bxh3 31. Rd4 Bf5 32. Rg5 h6 33. Rh5 Kg7
34. Rd6 Re6 35. Rd7+ Kg6 36. Bxf5+ Rxf5 37. Rh4 b5 38. Rg4+ Kf6 39. Rd4 h5 40.
Rg8 Kf7 41. Rdd8 Rff6 42. Rh8 Rh6 43. Rd7+ Kg6 44. Rg8+ Kf5 45. Rf7+ Ref6 46.
Re7 h4 47. Rg2 h3 48. Rh2 Re6 49. Rf7+ Kg5 50. Rg7+ Reg6 51. Re7 Kh4 52. Ree2
Rg1+ 53. Ka2 Kg3 54. Ref2 Rg6 0-1

[Event "XtraCon-Skakligaen"]
[Site "Denmark"]
[Date "2014.01.12"]
[Round "5.7"]
[White "Christiansen, Jens Jorgen"]
[Black "Christensen, Jan Schleicher"]
[Result "1/2-1/2"]
[WhiteElo "2129"]
[BlackElo "2218"]
[PlyCount "57"]
[EventDate "2013.11.02"]
[EventType "team-tourn"]
[EventRounds "9"]
[WhiteTeam "Norresundby"]
[BlackTeam "Nordre"]
[WhiteTeamCountry "DEN"]
[BlackTeamCountry "DEN"]

1. Nf3 Nf6 2. g3 b6 3. d4 Bb7 4. Bg2 e6 5. O-O c5 6. c4 cxd4 7. Nxd4 Bxg2 8.
Kxg2 a6 9. b3 Be7 10. Bb2 O-O 11. Nc3 Qc7 12. Rc1 d6 13. Qc2 Nbd7 14. Rfd1 Rac8
15. Kg1 Qb7 16. Qd3 Rfe8 17. Qf3 Qc7 18. Ne4 Ne5 19. Nxf6+ Bxf6 20. Qe4 Qb8 21.
a4 Qc7 22. Ba3 Nd7 23. Rd3 Nc5 24. Bxc5 bxc5 25. Nf3 Rb8 26. e3 Rbd8 27. Rcd1
g6 28. Qf4 Be7 29. e4 1/2-1/2

[Event "XtraCon-Skakligaen"]
[Site "Denmark"]
[Date "2014.01.12"]
[Round "5.1"]
[White "Palo, Davor"]
[Black "Pedersen, Christian Kyndel"]
[Result "1-0"]
[WhiteElo "2553"]
[BlackElo "2427"]
[PlyCount "101"]
[EventDate "2013.11.02"]
[EventType "team-tourn"]
[EventRounds "9"]
[WhiteTeam "Skanderborg"]
[BlackTeam "Jetsmark"]
[WhiteTeamCountry "DEN"]
[BlackTeamCountry "DEN"]

1. d4 Nf6 2. c4 e6 3. Nf3 b6 4. g3 Ba6 5. b3 Bb4+ 6. Bd2 Be7 7. Bg2 d5 8. cxd5
exd5 9. O-O O-O 10. Nc3 Bb7 11. Rc1 Na6 12. Ne5 Qc8 13. Bg5 Rd8 14. e4 dxe4 15.
Nxe4 Bxe4 16. Bxe4 Nxe4 17. Bxe7 Re8 18. Ba3 c5 19. Re1 Qb7 20. Qf3 Nd6 21. d5
Nc7 22. Nc6 Rxe1+ 23. Rxe1 Re8 24. Rxe8+ Ncxe8 25. Bb2 a5 26. h4 Qd7 27. h5 h6
28. Be5 f6 29. Bf4 Kf8 30. a4 Nf5 31. Qe4 Ned6 32. Qd3 Ne7 33. Nxe7 Kxe7 34.
Qh7 Nf7 35. Qe4+ Kf8 36. Qd3 Ng5 37. Bxg5 hxg5 38. d6 Kf7 39. Qd5+ Kf8 40. Qa8+
Kf7 41. Qd5+ Kf8 42. Kg2 g4 43. Kf1 Qf7 44. Qa8+ Qe8 45. Qb7 Qd8 46. Qc6 Qe8
47. Qxb6 Qxh5 48. Qd8+ Qe8 49. Qxa5 Qc6 50. Qd8+ Qe8 51. Qxe8+ 1-0

[Event "XtraCon-Skakligaen"]
[Site "Denmark"]
[Date "2014.01.12"]
[Round "5.2"]
[White "Rasmussen, Allan Stig"]
[Black "Semcesen, Daniel"]
[Result "1/2-1/2"]
[WhiteElo "2499"]
[BlackElo "2490"]
[PlyCount "81"]
[EventDate "2013.11.02"]
[EventType "team-tourn"]
[EventRounds "9"]
[WhiteTeam "Jetsmark"]
[BlackTeam "Skanderborg"]
[WhiteTeamCountry "DEN"]
[BlackTeamCountry "DEN"]

1. d4 d5 2. c4 c6 3. Nc3 Nf6 4. cxd5 cxd5 5. Bf4 a6 6. e3 Nc6 7. Bd3 Bg4 8.
Nge2 e6 9. O-O Be7 10. Rc1 O-O 11. Na4 Rc8 12. f3 Bh5 13. Nc5 Nb4 14. Bb1 b6
15. Na4 b5 16. Nc5 Nd7 17. a3 Nxc5 18. dxc5 Nc6 19. e4 d4 20. Bd2 f6 21. a4 Bf7
22. axb5 axb5 23. Kh1 e5 24. Bd3 b4 25. Ng3 Na5 26. Bxb4 g6 27. f4 exf4 28. Ne2
Nb3 29. Rc4 Nxc5 30. Rxd4 Qc7 31. Nxf4 Nxd3 32. Nxd3 Rfd8 33. Bxe7 Rxd4 34.
Bxf6 Rxd3 35. Qxd3 Bc4 36. Qh3 Bxf1 37. Qe6+ Kf8 38. Bg5 Kg7 39. Qf6+ Kg8 40.
Qe6+ Kg7 41. Qf6+ $11 1/2-1/2

[Event "XtraCon-Skakligaen"]
[Site "Denmark"]
[Date "2014.01.12"]
[Round "5.3"]
[White "Pedersen, Nicolai Vesterbaek"]
[Black "Ochsner, Bjorn Moller"]
[Result "1/2-1/2"]
[WhiteElo "2397"]
[BlackElo "2296"]
[PlyCount "48"]
[EventDate "2013.11.02"]
[EventType "team-tourn"]
[EventRounds "9"]
[WhiteTeam "Skanderborg"]
[BlackTeam "Jetsmark"]
[WhiteTeamCountry "DEN"]
[BlackTeamCountry "DEN"]

1. d4 Nf6 2. c4 g6 3. Nc3 Bg7 4. e4 d6 5. f3 O-O 6. Nge2 c5 7. d5 e6 8. Ng3
exd5 9. cxd5 h5 10. Bg5 Qb6 11. Qd2 Nh7 12. Be3 h4 13. Nge2 Nd7 14. Nf4 Ne5 15.
Be2 Bd7 16. O-O Rae8 17. a4 a6 18. a5 Qb4 19. Qc1 Bh6 20. Ra3 c4 21. Na2 Qb5
22. Nc3 Qb4 23. Na2 Qb5 24. Nc3 Qb4 1/2-1/2

[Event "XtraCon-Skakligaen"]
[Site "Denmark"]
[Date "2014.01.12"]
[Round "5.4"]
[White "Jensen, Bjarke"]
[Black "Pedersen, Steffen"]
[Result "1-0"]
[WhiteElo "2321"]
[BlackElo "2425"]
[PlyCount "101"]
[EventDate "2013.11.02"]
[EventType "team-tourn"]
[EventRounds "9"]
[WhiteTeam "Jetsmark"]
[BlackTeam "Skanderborg"]
[WhiteTeamCountry "DEN"]
[BlackTeamCountry "DEN"]

1. e4 c6 2. d4 d5 3. e5 Bf5 4. Nf3 e6 5. Be2 Nd7 6. O-O Bg6 7. Nbd2 Nh6 8. c3
Be7 9. Nb3 O-O 10. Bf4 Nf5 11. Qd2 Rc8 12. g4 Nh4 13. Nxh4 Bxh4 14. Be3 h6 15.
f4 f5 16. g5 Kf7 17. gxh6 Rh8 18. hxg7 Rh7 19. Bf2 Be7 20. Kh1 Qg8 21. Rg1 Qxg7
22. Rg2 Rch8 23. Rag1 Rh6 24. Na5 Qh7 25. Bg3 Rb8 26. Bd1 Bd8 27. Nb3 Be7 28.
Na5 Bd8 29. Nb3 Be7 30. Re1 Rh3 31. Kg1 b6 32. Kf2 Qh6 33. Nc1 Rh8 34. Reg1 Nf8
35. Ba4 c5 36. Bd1 Bh7 37. Kf1 Ng6 38. Nd3 Qf8 39. Nf2 Rh6 40. c4 Qd8 41. Bf3
dxc4 42. d5 exd5 43. Bxd5+ Kf8 44. Nd1 b5 45. Ne3 Nh4 46. Bxh4 Rxh4 47. Nxf5
Rh3 48. Nxe7 Qxe7 49. Rg7 Rd3 50. Rxe7 Rxd2 51. Rxa7 1-0

[Event "XtraCon-Skakligaen"]
[Site "Denmark"]
[Date "2014.01.12"]
[Round "5.5"]
[White "Kjeldsen, Jens"]
[Black "Wiwe, Andreas"]
[Result "1/2-1/2"]
[WhiteElo "2404"]
[BlackElo "2287"]
[PlyCount "46"]
[EventDate "2013.11.02"]
[EventType "team-tourn"]
[EventRounds "9"]
[WhiteTeam "Skanderborg"]
[BlackTeam "Jetsmark"]
[WhiteTeamCountry "DEN"]
[BlackTeamCountry "DEN"]

1. c4 e5 2. g3 Nc6 3. Bg2 f5 4. Nc3 Nf6 5. d3 Bb4 6. Bd2 Bxc3 7. Bxc3 d6 8. e3
O-O 9. Ne2 Qe8 10. Qd2 Rb8 11. O-O Bd7 12. Rac1 Qh5 13. f4 Rbe8 14. b4 a6 15.
a4 Nd8 16. b5 axb5 17. axb5 b6 18. Ra1 Ne6 19. h3 exf4 20. gxf4 Re7 21. Ng3 Qg6
22. Kh2 Nc5 23. Rae1 Qh6 1/2-1/2

[Event "XtraCon-Skakligaen"]
[Site "Denmark"]
[Date "2014.01.12"]
[Round "5.6"]
[White "Christensen, Stefan"]
[Black "Boe, Mads"]
[Result "1/2-1/2"]
[WhiteElo "2278"]
[BlackElo "2364"]
[PlyCount "20"]
[EventDate "2013.11.02"]
[EventType "team-tourn"]
[EventRounds "9"]
[WhiteTeam "Jetsmark"]
[BlackTeam "Skanderborg"]
[WhiteTeamCountry "DEN"]
[BlackTeamCountry "DEN"]

1. e4 c5 2. Nf3 d6 3. d4 cxd4 4. Qxd4 Nc6 5. Bb5 Bd7 6. Bxc6 Bxc6 7. Nc3 Nf6 8.
Bg5 e6 9. O-O-O Be7 10. Rhe1 Qa5 1/2-1/2

[Event "XtraCon-Skakligaen"]
[Site "Denmark"]
[Date "2014.01.12"]
[Round "5.7"]
[White "Andersen, Jackie"]
[Black "Helledie, Anders"]
[Result "1/2-1/2"]
[WhiteElo "2356"]
[BlackElo "2237"]
[PlyCount "69"]
[EventDate "2013.11.02"]
[EventType "team-tourn"]
[EventRounds "9"]
[WhiteTeam "Skanderborg"]
[BlackTeam "Jetsmark"]
[WhiteTeamCountry "DEN"]
[BlackTeamCountry "DEN"]

1. c4 g6 2. Nc3 Bg7 3. g3 e5 4. Bg2 d6 5. d3 Nc6 6. Rb1 Be6 7. b4 Qd7 8. b5 Nd8
9. e4 Ne7 10. h4 a6 11. a4 axb5 12. axb5 c6 13. Nd5 cxd5 14. cxd5 Qc7 15. dxe6
Nxe6 16. Ne2 Ra2 17. O-O O-O $11 18. Bb2 Rc8 19. Qb3 Qa5 20. Bh3 Nc5 21. Qd1
Ra8 22. Nc1 Ra4 23. Qc2 Qb6 24. Rd1 Rb4 25. Bf1 Na4 26. Ba1 Rxb5 27. Rxb5 Qxb5
28. Qc7 Rc8 29. Qxe7 Qb1 30. Qd7 Rc6 31. d4 Qxa1 32. Qe8+ Bf8 33. dxe5 Qxe5 34.
Qxe5 dxe5 35. Bb5 1/2-1/2

[Event "XtraCon-Skakligaen"]
[Site "Denmark"]
[Date "2014.01.12"]
[Round "5.8"]
[White "Rathlev, Jakob"]
[Black "Seegert, Kristian"]
[Result "1/2-1/2"]
[WhiteElo "2250"]
[BlackElo "2154"]
[PlyCount "71"]
[EventDate "2013.11.02"]
[EventType "team-tourn"]
[EventRounds "9"]
[WhiteTeam "Jetsmark"]
[BlackTeam "Skanderborg"]
[WhiteTeamCountry "DEN"]
[BlackTeamCountry "DEN"]

1. c4 f5 2. Nc3 Nf6 3. g3 g6 4. Bg2 Bg7 5. e3 O-O 6. Nge2 d6 7. O-O e5 8. d4 c6
9. b3 Qc7 10. Ba3 Rd8 11. Qd2 Qa5 12. Bb2 Bd7 13. Rfd1 Na6 14. a3 Re8 15. b4
Qd8 16. b5 Nc7 17. bxc6 bxc6 18. c5 exd4 19. cxd6 dxc3 20. dxc7 cxd2 21. cxd8=R
Raxd8 22. Rxd2 Ne4 23. Bxe4 Bxb2 24. Bd5+ cxd5 25. Rxb2 Bc8 26. Rc1 Ba6 27. Rc7
Ra8 28. Nf4 Rab8 29. Rxb8 Rxb8 30. Rxa7 Bc4 31. h4 Rb1+ 32. Kg2 Bf1+ 33. Kf3 d4
34. Rd7 dxe3 35. fxe3 Bb5 36. Rd6 1/2-1/2